000 00449nam a2200181Ia 4500
005 20240823052001.0
008 240823s9999||||xx |||||||||||||| ||und||
041 _aTAMIL
082 _A610 N3
100 _aTharmasanth Saraavagi
245 0 _aRaththa Alutha Thirikku Iyarkai Maruthuvam
250 _a4th
260 _c1993
_bTamil Nadu Nature Cure Associ
500 _aDISPLAY
650 _aMedicine
_bGeneral
942 _cBK
999 _c220815
_d220815